High-Risk Pregnancy vol-1 (Record no. 1216130)

MARC details
000 -LEADER
fixed length control field 00343nam a2200145Ia 4500
008 - FIXED-LENGTH DATA ELEMENTS--GENERAL INFORMATION
fixed length control field 260216s2018 xx 000 0 und d
020 ## - INTERNATIONAL STANDARD BOOK NUMBER
International Standard Book Number 978-1-108-47439-9
041 ## - LANGUAGE CODE
Language code of text/sound track or separate title eng
082 ## - DEWEY DECIMAL CLASSIFICATION NUMBER
Classification number 618.2 JAM
100 ## - MAIN ENTRY--PERSONAL NAME
Personal name James
245 ## - TITLE STATEMENT
Title High-Risk Pregnancy vol-1
250 ## - EDITION STATEMENT
Edition statement 4th
260 ## - PUBLICATION, DISTRIBUTION, ETC.
Name of publisher, distributor, etc. Cambridge University
Date of publication, distribution, etc. 2018
300 ## - PHYSICAL DESCRIPTION
Extent v-1084P
Holdings
Withdrawn status Lost status Damaged status Not for loan Home library Current library Date acquired Cost, normal purchase price Total Checkouts Full call number Barcode Date last seen Price effective from Koha item type
        School of Physiotherapy, Sangli School of Physiotherapy, Sangli 16/02/2026 4497.50   618.2 JAM PHS-734 16/02/2026 16/02/2026 Book